Loading...
| Religion | 0 | 5 | 1 | 0 | 45 | 74 | 94.60 | 3 | 5 | 14.58 | 37.27 |
| History - World | 0 | 3 | 0 | 0 | 30 | 60 | 69.67 | 2 | 3 | 12.45 | 21.82 |
| History - American | 0 | 3 | 0 | 0 | 30 | 36 | 82.00 | 1 | 2 | 9.27 | 18.18 |
| Literature - World | 0 | 3 | 0 | 1 | 30 | 78 | 107.67 | 1 | 2 | 5.51 | 14.55 |
| History - Other | 0 | 2 | 0 | 1 | 20 | 121 | 123.00 | 0 | 1 | -0.07 | 6.36 |
| Geography | 0 | 2 | 1 | 0 | 15 | 48 | 54.00 | 0 | 2 | 39.93 | 51.67 |
| Current Events | 0 | 1 | 0 | 0 | 10 | 107 | 107.00 | 1 | 1 | 7.11 | 33.33 |
| Literature - British | 0 | 1 | 0 | 0 | 10 | 107 | 107.00 | 0 | 1 | 1.78 | 5.45 |
| Other Academic | 0 | 1 | 0 | 0 | 10 | 103 | 103.00 | 0 | 1 | 6.72 | 20.00 |
| Philosophy | 0 | 1 | 0 | 0 | 10 | 100 | 100.00 | 0 | 1 | 2.36 | 3.64 |
| Science - Chemistry | 0 | 1 | 0 | 0 | 10 | 102 | 102.00 | 0 | 1 | 0.88 | 5.45 |
| Science - Other | 0 | 1 | 0 | 0 | 10 | 86 | 86.00 | 0 | 1 | 2.05 | 3.64 |
| Mythology | 0 | 1 | 1 | 0 | 5 | 65 | 65.00 | 1 | 1 | 4.40 | 9.09 |
| Social Science | 0 | 1 | 1 | 1 | 5 | 124 | 124.00 | 0 | 0 | -0.15 | 1.82 |
| History - European | 0 | 1 | 2 | 0 | 0 | 65 | 65.00 | 0 | 1 | 4.58 | 5.45 |
| Fine Arts - Other | 0 | 0 | 0 | 0 | 0 | 0.00 | 0 | 0 | 0.00 | 0.00 |